| 000 | 00806nam a2200229 i 4500 | ||
|---|---|---|---|
| 001 | 189280 | ||
| 003 | SpMaBN | ||
| 005 | 20251004063231.0 | ||
| 008 | 190521s1968 sp |||| | spa d | ||
| 080 | _a228.017 | ||
| 100 | 1 |
_aCerfaux, Lucien, _d1883-1968 _937517 |
|
| 245 | 1 | 3 |
_aEl Apocalipsis de San Juan leído a los cristianos / _cLucien Cerfaux, Jules Cambier ; [traducción por Antonio G. Fraile]. |
| 260 |
_aMadrid : _bFax, _c[1968] |
||
| 300 |
_a300 p. ; _c23 cm. |
||
| 490 | 1 |
_aActualidad bíblica ; _v9 |
|
| 630 | 0 | 7 |
_aBiblia. _pN.T. _pApocalipsis- _xCrítica e interpretación. _9144760 |
| 700 | 1 |
_aCambier, Jules. _9167060 |
|
| 700 | 1 |
_aGonzález Fraile, Antonio. _9167051 |
|
| 830 | 0 |
_aActualidad bíblica ; _v9 _9193281 |
|
| 852 |
_aES-MaACL _jJ-9(9) |
||
| 999 |
_c189280 _d189280 |
||